|
|
|
|
| LEADER |
00917nam a2200253 4500 |
| 001 |
c000040368 |
| 003 |
CARM |
| 005 |
00000000000000.0 |
| 008 |
720504s1965 nyua b 00110 eng |
| 019 |
1 |
|
|a 650033
|z 23059759
|z 57705706
|5 LACONCORD2021
|
| 035 |
|
|
|a (OCoLC)424347
|5 LACONCORD2021
|
| 050 |
0 |
0 |
|a RG136
|b .P55
|
| 082 |
1 |
|
|a 613.94
|a 599.016
|2 19
|
| 100 |
1 |
|
|a Pincus, Gregory,
|d 1903-1967,
|
| 245 |
1 |
4 |
|a The control of fertility /
|c Gregory Pincus.
|
| 260 |
|
|
|a New York :
|b Academic Press,
|c 1965.
|
| 300 |
|
|
|a xvii, 360 p. :
|b ill. ;
|c 24 cm.
|
| 504 |
|
|
|a Includes bibliographies.
|
| 650 |
|
0 |
|a Contraception.
|
| 650 |
|
0 |
|a Fertility, Human.
|
| 650 |
|
0 |
|a Human reproduction.
|
| 852 |
8 |
|
|b CARM
|h A2:AD08G0
|i C00508
|p 0031422
|f BK
|
| 999 |
f |
f |
|i 1caf4f44-3aa8-5046-8bd3-c7bb90491d71
|s 5a5c16c6-dc89-57e0-bd8e-788f24f6bffb
|
| 952 |
f |
f |
|p Can circulate
|a CAVAL
|b CAVAL
|c CAVAL
|d CARM 1 Store
|e C00508
|f A2:AD08G0
|h Other scheme
|i book
|m 0031422
|